Az Arcó & Íris Kft. vagyoni-, pénzügyi- és jövedelmezőségi helyzetének elemzése 3 év beszámolója alapján

Bibliográfiai részletek
Szerző: Csík Tamara
További közreműködők: Borzán Dr. Anita
Dokumentumtípus: Projektmunka
Kulcsszavak:Beszámoló
Vagyoni helyzet
Jövedelmezőségi helyzet
Online Access:http://dolgozattar.uni-bge.hu/11638

MARC

LEADER 00000nnm a2200000 i 4500
001 dolg11638
005 20170516092346.0
008 170516suuuu hu o 000 hun d
040 |a BGE Dolgozattár Repozitórium  |b hun 
041 |a hu 
100 1 |a Csík Tamara 
245 1 3 |a Az Arcó & Íris Kft. vagyoni-, pénzügyi- és jövedelmezőségi helyzetének elemzése 3 év beszámolója alapján  |c Csík Tamara  |h [elektronikus dokumentum] 
516 |a Project_work 
695 |a Beszámoló  
695 |a Vagyoni helyzet 
695 |a Jövedelmezőségi helyzet 
700 1 |a Borzán Dr. Anita  |e ths 
856 4 0 |u http://dolgozattar.uni-bge.hu/11638/1/Z%C3%A1r%C3%B3dolgozat_teljes.pdf  |z Dokumentum-elérés